Parisian Metro Quiz #1 : Rolling Stock - Statistics

General Stats
  • This quiz has been taken 45 times
  • The average score is 12 of 18
Answer Stats
Line # Answer % Correct
Line 1 56 MP05
85%
Line 3 47 MF67
77%
Line 2 46 MF01
74%
Line 7 72 MF77
72%
Line 6 45 MP73
72%
Line 3bis 6 MF67
69%
Line 13 66 MF77
69%
Line 5 52 MF01
67%
Line 12 50 MF67
67%
Line 8 59 MF77
67%
Line 9 74 MF01
64%
Line 10 30 MF67
64%
Line 11 24 MP59
64%
Line 7bis 8 MF88
62%
Line 14 11 MP05
56%
Line 4 52 MP89CC
56%
Line 11 1 MP73
54%
Line 14 21 MP89CA
49%
No matching quizzes found
Score Distribution
Percent of People with Each Score
Percentile by Number Answered
Your Score History
You have not taken this quiz